| 000 | 00666nam a22001457a 4500 | ||
|---|---|---|---|
| 040 | _cMCS (NUST) | ||
| 082 | _a005.8,SAN | ||
| 100 |
_aSana, Aasia _935182 |
||
| 245 |
_aDevelopment of Cybersecurity Learning Platform for SMBs / _cAasia Sana |
||
| 260 |
_aRawalpindi _bMCS (NUST) _cAug 2016 |
||
| 300 | _axiii, 171 P., | ||
| 505 | _aintroduction (Page-1), Literature Review and Existing Technologies (Page-11), Research Methodology (Page-22), Critical Asset: Database Server (Page-40), Critical Asset: Web Server (Page-71), Critical Asset: DNS & Email Server (PAge-108), Conclusion and Future Works (Page-147). | ||
| 650 | _2PG Thesis | ||
| 942 |
_2ddc _cTHE _k005.8,SAN |
||
| 999 |
_c608148 _d608148 |
||